|
|
|
|
| LEADER |
00997cam a2200253 7i4500 |
| 001 |
0000124366 |
| 005 |
20160405090000.0 |
| 008 |
150909s2015 -us eng |
| 020 |
# |
0 |
|a 9781421416779
|
| 020 |
# |
0 |
|a 1421416778
|
| 020 |
# |
0 |
|a 9781421416786
|
| 020 |
# |
0 |
|a 1421416786
|
| 090 |
0 |
0 |
|a LA 226
|b .V4 2015
|
| 100 |
1 |
# |
|a Veblen, Thorstein,
|d 1857-1929
|
| 245 |
1 |
4 |
|a The higher learning in America :
|b a memorandum on the conduct of universities by business men
|c Thorstein Veblen ; edited with an introduction and notes by Richard F. Teichgraeber, III.
|
| 250 |
# |
# |
|a Annotated edition.
|
| 260 |
# |
# |
|a Baltimore:
|b Johns Hopkins University Press,
|c 2015.
|
| 300 |
# |
# |
|a xviii, 240 pages;
|c 24 cm..
|
| 504 |
0 |
0 |
|a Includes bibliographical references and index
|
| 590 |
# |
# |
|a Perpustakaan Sultanah Nur Zahirah
|
| 650 |
0 |
0 |
|a Education, Higher
|
| 650 |
0 |
0 |
|a Universities and colleges --
|z United States
|
| 700 |
1 |
1 |
|a Teichgraeber, Richard F.
|
| 999 |
|
|
|a 1100095940
|b Book
|c Open Shelf
|e KOLEKSI TERBUKA
|